[Event "Karnataka State Open-ch 2018"]
[Site "Bengaluru"]
[Date "2018.04.17"]
[Round "8"]
[White "Pavan C"]
[Black "Raghavendra, V."]
[Result "0-1"]
[WhiteElo "1622"]
[BlackElo "1898"]
[Annotator "NA"]
[PlyCount "116"]
[EventDate "2018.??.??"]
[EventType "swiss"]
[EventCountry "IND"]
[SourceTitle "playchess.com"]
[Source "ChessBase"]
[SourceQuality "1"]
[TimeControl "5400+30"]

{[%evp 8,109,0,-4,8,0,12,-9,20,20,38,34,61,10,12,8,64,0,75,78,75,32767,32767,32767,91,85,90,58,32767,32767,32767,35,31,-4,0,0,0,-8,0,-11,0,0,0,0,0,0,0,0,0,0,0,-12,0,0,0,0,0,-66,-30,-31,-70,32767,32767,32767,-33,-50,-45,-82,-79,-183,-104,-76,-114,-97,-150,-122,-10,-467,-487,-447,-528,-633,-483,-441,-593,-493,-524,-487,-595,32767,0,-407,-408,-504,-424,-440,-480,-430,-434,-467,-489,-525,-497,-535]} 1. d4 {[%emt 0:00:00]} Nf6 {[%emt 0:00:02]} 2. e3 {[%emt 0:00:00]} g6 {[%emt 0:00:13]} 3. Bd3 {[%emt 0:00:14]} Bg7 {[%emt 0:00:06]} 4. f4 {[%emt 0:00:57]} d6 {[%emt 0:00:29]} 5. Nf3 {[%emt 0:00:08]} O-O {[%emt 0:00:22]} 6. O-O {[%emt 0:00:08]} c5 {[%emt 0:02:31]} 7. c3 {[%emt 0:00:56] LiveBook: 17 Games} b6 {[%emt 0:00:53] A45: Trompowsky Attack} 8. e4 {[%emt 0:04:47]} Ba6 {[%emt 0:01:35]} 9. d5 $146 {[%emt 0:02:34]} ({Predecessor:} 9. f5 Qd7 10. Bxa6 Nxa6 11. Qe2 Qb7 12. e5 Ne4 13. fxg6 fxg6 14. d5 Qxd5 15. Qxa6 {0-1 (42) Vigfusson,T (2260)-Olafsson,H (2498) Iceland 1999}) 9... Qd7 {[%emt 0:09:37]} 10. a4 {[%emt 0:06:16]} Bxd3 {[%emt 0:01:14]} 11. Qxd3 {[%emt 0:00:07]} Qb7 {[%emt 0:00:16]} (11... e6 $11) 12. c4 {[%emt 0:02:44]} Nfd7 {[%emt 0:02:07]} (12... e6 $11 {remains equal.}) 13. Nc3 {[%emt 0:02:20]} Na6 {[%emt 0:00:13]} 14. b3 {[%emt 0:04:04]} Nb4 {[%emt 0:00:31]} 15. Qd2 {[%emt 0:00:02]} a6 {[%emt 0:04:01]} 16. Bb2 {[%emt 0:01:02]} Rfe8 {[%emt 0:05:32]} 17. Na2 {[%emt 0:04:02]} Bxb2 {[%emt 0:01:08]} 18. Qxb2 {[%emt 0:00:07]} Nxa2 {[%emt 0:01:10]} 19. Rxa2 {[%emt 0:02:38]} b5 {[%emt 0:01:08]} 20. f5 {[%emt 0:05:00]} bxc4 {[%emt 0:00:41]} 21. bxc4 {[%emt 0:00:16]} Qxb2 {[%emt 0:00:30]} 22. Rxb2 {[%emt 0:00:10]} Rab8 {[%emt 0:02:47]} 23. Rfb1 {[%emt 0:00:05]} Rxb2 {[%emt 0:02:23]} 24. Rxb2 {[%emt 0:00:06]} Rb8 {[%emt 0:00:11]} 25. Rxb8+ {[%emt 0:00:59]} Nxb8 {[%emt 0:00:02]} 26. a5 {[%emt 0:05:10]} Nd7 {[%emt 0:02:27]} 27. fxg6 {[%emt 0:06:56]} hxg6 {[%emt 0:00:04]} 28. Kf2 {[%emt 0:00:54]} Kg7 {[%emt 0:00:21]} 29. h3 {[%emt 0:01:18]} Kf6 {[%emt 0:00:49]} 30. Ke3 {[%emt 0:01:19]} g5 {[%emt 0:04:30]} 31. g3 Kg6 {[%emt 0:00:35]} 32. g4 {[%emt 0:06:10]} (32. Kf2 $11) 32... Kf6 {[%emt 0:02:20]} 33. Ke2 {[%emt 0:01:52]} Ne5 {[%emt 0:00:52]} 34. Nd2 {[%emt 0:00:17]} Ng6 {[%emt 0:01:51]} 35. Kf3 {[%emt 0:05:42]} Ke5 {[%emt 0:04:46]} 36. Ke3 {[%emt 0:02:30]} Nh4 {[%emt 0:01:44]} 37. Nb3 {[%emt 0:07:22]} Ng2+ {[%emt 0:02:43]} 38. Kf2 {[%emt 0:00:56]} Nf4 {[%emt 0:00:44]} (38... Kxe4 $19 39. Kxg2 Kd3) 39. Ke3 {[%emt 0:00:03]} Nxh3 {[%emt 0:03:40]} 40. Nd2 {[%emt 0:01:31] [#]} Kf6 $1 {[%emt 0:02:21]} 41. Nf3 {[%emt 0:02:03] [#]} Nf4 {[%emt 0:01:04]} ({Black should try} 41... Kg7 $1 $17 42. e5 f6) 42. Nd2 $2 {[%emt 0:00:23]} (42. e5+ $1 $11 Kg6 43. Nd2) 42... Ng6 {[%emt 0:00:24]} 43. Kf3 {[%emt 0:00:40]} Ne5+ {[%emt 0:03:22]} 44. Kg3 {[%emt 0:00:23]} Kg6 {[%emt 0:04:30]} 45. Kh3 {[%emt 0:00:27]} Kg7 {[%emt 0:00:44]} 46. Kg3 {[%emt 0:00:45]} Kf6 $2 {[%emt 0:00:03]} 47. Kh3 $1 {[%emt 0:00:45]} Nd3 {[%emt 0:00:02]} 48. Kg3 {[%emt 0:00:25]} Ne5 {[%emt 0:12:19]} ({Black should try} 48... Ke5 $19 49. Nf3+ Kxe4 50. Nxg5+ Kd4 51. Nxf7 Kxc4) 49. Kh3 {[%emt 0:00:11]} Ng6 {[%emt 0:00:42]} 50. Kg3 {[%emt 0:04:03]} Nh4 {[%emt 0:00:30]} 51. Kf2 {[%emt 0:00:41]} Ke5 {[%emt 0:00:55]} 52. Ke3 {[%emt 0:00:36]} e6 {[%emt 0:02:00]} 53. dxe6 {[%emt 0:01:46]} fxe6 {[%emt 0:00:59]} 54. Nb3 {[%emt 0:00:51]} Ng2+ {[%emt 0:01:22]} 55. Kf2 $19 {[%emt 0:00:33]} Kxe4 {[%emt 0:02:45]} 56. Kxg2 {[%emt 0:00:55]} Kd3 {[%emt 0:00:02]} 57. Kf3 {[%emt 0:00:50]} Kc2 {[%emt 0:01:53]} 58. Na1+ {[%emt 0:00:31]} Kb2 {[%emt 0:00:44]} 0-1

[Event "Karnataka State Open-ch 2018"]
[Site "Bengaluru"]
[Date "2018.04.17"]
[Round "8"]
[White "Sushrutha, Reddy"]
[Black "Jagadish, V."]
[Result "0-1"]
[WhiteElo "1583"]
[BlackElo "2157"]
[Annotator "ChessBase"]
[PlyCount "139"]
[EventDate "2018.??.??"]
[EventType "swiss"]
[EventCountry "IND"]
[SourceTitle "playchess.com"]
[Source "ChessBase"]
[SourceQuality "1"]
[TimeControl "5400+30"]

1. e4 {[%emt 0:00:37]} e5 {[%emt 0:00:14]} 2. Nf3 {[%emt 0:00:34]} Nc6 {[%emt 0:00:10]} 3. Bb5 {[%emt 0:00:23]} a6 {[%emt 0:00:29]} 4. Bxc6 {[%emt 0:00:34]} dxc6 {[%emt 0:00:05]} 5. Nxe5 {[%emt 0:00:12]} Qd4 {[%emt 0:01:26]} 6. Nf3 {[%emt 0:00:19]} Qxe4+ {[%emt 0:00:16]} 7. Qe2 {[%emt 0:00:03]} Qxe2+ {[%emt 0:00:06]} 8. Kxe2 {[%emt 0:00:02]} Nf6 {[%emt 0:03:03]} 9. d4 {[%emt 0:00:46]} Bf5 {[%emt 0:00:30]} 10. c3 {[%emt 0:00:31]} O-O-O {[%emt 0:01:15]} 11. Be3 {[%emt 0:01:10]} Bd6 {[%emt 0:02:34]} 12. Re1 {[%emt 0:01:41]} Ng4 {[%emt 0:00:47]} 13. h3 {[%emt 0:00:44]} Nxe3 {[%emt 0:00:13]} 14. fxe3 {[%emt 0:01:47]} Bg3 {[%emt 0:01:01]} 15. Rf1 {[%emt 0:00:42]} Rhe8 {[%emt 0:00:46]} 16. Kd2 {[%emt 0:02:29]} Re7 {[%emt 0:00:45]} 17. Ne1 {[%emt 0:02:27]} Be4 {[%emt 0:00:42]} 18. Na3 {[%emt 0:00:14]} Rde8 {[%emt 0:02:06]} 19. Nac2 {[%emt 0:00:25]} Bxe1+ {[%emt 0:01:24]} 20. Nxe1 {[%emt 0:10:14]} Bd5 {[%emt 0:00:05]} 21. Nf3 {[%emt 0:03:47]} Rxe3 {[%emt 0:01:39]} 22. Rfe1 {[%emt 0:00:21]} Rxe1 {[%emt 0:00:12]} 23. Nxe1 {[%emt 0:00:10]} f6 {[%emt 0:04:22]} 24. b3 {[%emt 0:10:39]} Kd7 {[%emt 0:01:04]} 25. Nd3 {[%emt 0:02:04]} b6 {[%emt 0:04:32]} 26. g3 {[%emt 0:05:19]} Bf3 {[%emt 0:01:26]} 27. Nf4 {[%emt 0:00:59]} g5 {[%emt 0:02:14]} 28. Rf1 {[%emt 0:00:03]} gxf4 {[%emt 0:00:05]} 29. Rxf3 {[%emt 0:00:12]} fxg3 {[%emt 0:00:09]} 30. Rxg3 {[%emt 0:00:01]} Re7 {[%emt 0:01:36]} 31. Rg4 {[%emt 0:01:49]} Ke8 {[%emt 0:00:25]} 32. Rh4 {[%emt 0:00:13]} Kf8 {[%emt 0:00:28]} 33. c4 {[%emt 0:00:34]} Kg7 {[%emt 0:00:29]} 34. Rg4+ {[%emt 0:00:02]} Kf7 {[%emt 0:00:23]} 35. a4 {[%emt 0:00:28]} f5 {[%emt 0:00:29]} 36. Rg1 {[%emt 0:01:01]} Kf6 {[%emt 0:00:44]} 37. a5 {[%emt 0:00:02]} b5 38. Rg8 {[%emt 0:00:31]} f4 {[%emt 0:16:34]} 39. Rf8+ {[%emt 0:00:36]} Kg5 {[%emt 0:01:07]} 40. Rg8+ {[%emt 0:00:34]} Kf5 {[%emt 0:03:29]} 41. Rf8+ {[%emt 0:00:18]} Ke4 {[%emt 0:04:13]} 42. Rf6 {[%emt 0:00:20]} Kxd4 {[%emt 0:03:22]} 43. Rxf4+ {[%emt 0:00:12]} Kc5 {[%emt 0:01:30]} 44. cxb5 {[%emt 0:01:58]} Kxb5 {[%emt 0:07:03]} 45. b4 {[%emt 0:04:07]} c5 {[%emt 0:00:56]} 46. bxc5 {[%emt 0:00:28]} Kxc5 {[%emt 0:00:31]} 47. Rf5+ {[%emt 0:00:26]} Kb4 {[%emt 0:00:46]} 48. h4 {[%emt 0:00:23]} c5 {[%emt 0:01:18]} 49. h5 {[%emt 0:00:19]} Rc7 {[%emt 0:00:41]} 50. Kd3 {[%emt 0:02:14]} c4+ {[%emt 0:00:17]} 51. Kc2 {[%emt 0:00:09]} Rc5 {[%emt 0:01:23]} 52. Rf6 {[%emt 0:01:47]} Kxa5 {[%emt 0:02:00]} 53. Kc3 {[%emt 0:02:11]} Rxh5 {[%emt 0:02:20]} 54. Kxc4 {[%emt 0:00:44]} Rh1 {[%emt 0:00:09]} 55. Kb3 {[%emt 0:00:33]} Rb1+ {[%emt 0:03:18]} 56. Ka3 {[%emt 0:01:50]} Rh1 {[%emt 0:05:59]} 57. Re6 {[%emt 0:00:39]} h5 {[%emt 0:00:25]} 58. Rg6 {[%emt 0:01:42]} h4 {[%emt 0:00:16]} 59. Rh6 {[%emt 0:00:18]} h3 {[%emt 0:00:09]} 60. Ka2 {[%emt 0:00:15]} h2 {[%emt 0:00:11]} 61. Rh8 {[%emt 0:00:23]} Kb5 {[%emt 0:06:52]} 62. Kb2 {[%emt 0:04:57]} Kc5 {[%emt 0:00:19]} 63. Ka2 {[%emt 0:00:22]} a5 {[%emt 0:00:10]} 64. Kb2 {[%emt 0:00:13]} Kd5 {[%emt 0:00:07]} 65. Ka2 {[%emt 0:00:11]} Ke5 {[%emt 0:00:15]} 66. Kb2 {[%emt 0:00:20]} Kf5 {[%emt 0:00:04]} 67. Ka2 {[%emt 0:00:17]} Kg6 {[%emt 0:00:05]} 68. Kb2 {[%emt 0:00:25]} a4 {[%emt 0:00:05]} 69. Ka2 {[%emt 0:00:12]} a3 {[%emt 0:00:06]} 70. Rh3 {[%emt 0:00:13]} 0-1

[Event "Karnataka State Open-ch 2018"]
[Site "Bengaluru"]
[Date "2018.04.17"]
[Round "8"]
[White "Shree Krishna Pranama"]
[Black "Hegde, Ravi Gopal"]
[Result "1/2-1/2"]
[WhiteElo "1572"]
[BlackElo "2139"]
[Annotator "TA"]
[PlyCount "51"]
[EventDate "2018.??.??"]
[EventType "swiss"]
[EventCountry "IND"]
[SourceTitle "playchess.com"]
[Source "ChessBase"]
[SourceQuality "1"]

{[%evp 14,51,32,-29,33,-37,-7,-110,-118,-129,-107,-196,-204,-191,-50,-33,-13,-38,0,0,0,0,0,0,87,85,97,88,243,241,395,306,310,223,212,194,189,189,390,390]} 1. d4 Nf6 2. Nf3 c5 3. d5 g6 4. c4 Bg7 5. Nc3 O-O 6. Bf4 d6 7. h3 {E61: King's Indian: Early deviations for White, including Smyslov System} a6 (7... Qa5 8. Bd2 Qb6 9. e4 e6 10. Bd3 exd5 11. exd5 Qxb2 12. Rb1 Qa3 13. O-O Na6 14. Rb3 Qa5 {0-1 (40) Barnaure,V (2508)-Van Kampen,R (2626) Jerusalem 2015}) 8. e3 {LiveBook: 3 Games} (8. e4 $14) 8... Qa5 (8... b5 $11) 9. Qd2 (9. Nd2 $14) 9... b5 $15 10. cxb5 (10. Bd3 $11) 10... Nbd7 11. a4 Nb6 $1 12. Be2 $146 (12. Bg5 $17 {was called for.}) ({Find the theoretical novelty and annotate with similar games:} 12. e4 Qb4 13. Bd3 axb5 14. Nxb5 Rxa4 15. Rxa4 Nxa4 16. Qxb4 cxb4 17. b3 Nc5 18. Bc4 Ba6 19. Nd2 Rb8 20. Nd4 Bxc4 {0-1 (20) Kantorik,M (2390)-Kriebel,T (2265) Teplice 2010}) 12... axb5 $19 13. Bxb5 Ba6 (13... Nfxd5 $1 $19 14. Nxd5 Nxd5 15. Qxa5 Rxa5) 14. O-O $1 $15 Bxb5 15. axb5 Qxa1 16. Rxa1 Rxa1+ 17. Kh2 Rfa8 18. e4 {[%cal Be3e4,Be4e5][%mdl 32]} Na4 (18... Nfd7 $11 {remains equal.}) 19. e5 $16 Nxc3 20. bxc3 {[%cal Bb2c3,Bc3c4][%mdl 32]} Ne4 $2 (20... R1a2 $16 21. Qd3 dxe5 22. Bxe5 Rxf2) 21. Qe3 $18 R8a4 $2 (21... R1a4) 22. exd6 exd6 23. c4 f5 {[#] Strongly threatening ...R4a3.} 24. b6 $1 Rb4 {[#]} 25. Ng5 $1 {[%cal Rg5e4]} Bd4 $2 (25... Rxb6 {might work better.} 26. Nxe4 fxe4 27. Qxe4 Ra8) 26. Qe2 {[%mdl 32768] Precision: White = 42%, Black = 35%. . An unexpected result.} 1/2-1/2

[Event "Karnataka State Open-ch 2018"]
[Site "Bengaluru"]
[Date "2018.04.17"]
[Round "8"]
[White "Arvind, Ramnath Iyer"]
[Black "Hardik, Jha"]
[Result "1/2-1/2"]
[WhiteElo "1519"]
[BlackElo "1882"]
[Annotator "NA"]
[PlyCount "157"]
[EventDate "2018.??.??"]
[EventType "swiss"]
[EventCountry "IND"]
[SourceTitle "playchess.com"]
[Source "ChessBase"]
[SourceQuality "1"]
[TimeControl "5400+30"]

{[%evp 8,157,50,47,89,46,51,51,35,28,41,33,35,32767,32767,32767,32767,5,26,0,15,0,4,32767,11,14,32767,32767,32767,32767,13,7,15,5,16,32767,0,-4,0,0,0,0,0,10,0,0,37,-22,-18,-21,-18,-14,-24,-25,-31,-23,-1,0,-7,-14,0,-16,-14,-12,15,-29,-48,-40,-41,-40,-32,-25,-18,-161,-17,-209,0,-7,0,0,0,-10,-10,-11,0,-2,-3,0,0,0,0,-37,-18,-29,-10,-8,0,-174,-63,-12840,-330,-210,-12841,-12845,-311,-280,-12847,-330,-535,-352,-12851,-12851,32767,32767,32767,32767,-1198,-1285,-387,-560,-12851,-451,-12851,-12851,0,-12851,-12851,-1108,-527,-329,-564,-457,-158,-153,32767,32767,32767,32767,32767,32767,32767,32767,32767,32767,-8,-29,-50,-29,-9,-43,0,0]} 1. e4 {[%emt 0:00:00]} d5 {[%emt 0:00:38]} 2. exd5 {[%emt 0:00:00]} Qxd5 {[%emt 0:00:03]} 3. Nc3 {[%emt 0:00:00]} Qa5 {[%emt 0:00:08]} 4. d4 {[%emt 0:00:00]} Nf6 {[%emt 0:02:12]} 5. Nf3 {[%emt 0:01:03]} Bg4 {[%emt 0:01:24]} 6. Be2 {[%emt 0:01:04]} c6 {[%emt 0:01:51]} 7. h3 {[%emt 0:03:49] B01: Scandinavian Defence} Bh5 {[%emt 0:00:41]} (7... Bxf3 8. Bxf3 e6 9. O-O Be7 10. Ne4 Nbd7 11. c3 O-O 12. Bf4 Nxe4 13. Bxe4 g6 14. Re1 Rfe8 15. a4 Bf8 16. b4 Qd8 17. b5 {½-½ (33) Mezentsev,V (2493)-De Guzman,R (2521) Reno 2004}) 8. O-O {[%emt 0:01:15]} e6 {[%emt 0:00:43]} 9. Bf4 {[%emt 0:00:57] LiveBook: 3 Games} Nbd7 {[%emt 0:01:30]} 10. Ne5 {[%emt 0:01:20]} Bxe2 {[%emt 0:00:13]} 11. Qxe2 {[%emt 0:00:02]} Be7 {[%emt 0:02:05]} 12. Rfe1 {[%emt 0:03:06]} O-O {[%emt 0:01:28]} 13. Rad1 {[%emt 0:04:45]} Rad8 $146 {[%emt 0:01:13]} ({Find the theoretical novelty and annotate with similar games:} 13... Nxe5 14. Bxe5 {½-½ (30) Teshima,R (1974)-Zampronha,W (2126) Florianopolis 2018}) 14. Nc4 {[%emt 0:02:47]} Qa6 {[%emt 0:04:42]} 15. Bc7 {[%emt 0:07:54]} Rc8 {[%emt 0:00:54]} 16. Bd6 {[%emt 0:01:04]} Bxd6 {[%emt 0:01:42]} 17. Nxd6 {[%emt 0:00:11]} Qxe2 {[%emt 0:00:08]} 18. Rxe2 {[%emt 0:00:18]} Rc7 {[%emt 0:00:58]} 19. Nce4 {[%emt 0:03:11]} Nxe4 {[%emt 0:01:40]} 20. Nxe4 {[%emt 0:00:03]} Rd8 {[%emt 0:00:46]} 21. Red2 {[%emt 0:04:10]} Nf6 {[%emt 0:01:47]} 22. Nxf6+ {[%emt 0:01:38]} gxf6 {[%emt 0:00:02]} 23. Kf1 {[%emt 0:00:01]} Rcd7 {[%emt 0:00:42]} 24. Ke2 {[%emt 0:03:34]} Rd5 {[%emt 0:01:55]} 25. c4 {[%emt 0:08:08]} R5d7 {[%emt 0:01:00]} 26. Ke3 {[%emt 0:07:08]} f5 {[%emt 0:02:01]} 27. f4 {[%emt 0:02:36]} ({White should try} 27. g4 $14) 27... h5 {[%emt 0:01:01]} 28. g3 {[%emt 0:03:04]} Kg7 {[%emt 0:00:11]} 29. h4 {[%emt 0:01:21]} Kf6 {[%emt 0:00:23]} 30. Ke2 {[%emt 0:03:06]} Ke7 31. c5 f6 {[%emt 0:04:57]} 32. Ke3 {[%emt 0:03:37]} Rg8 {[%emt 0:01:04]} 33. Kf2 {[%emt 0:02:41]} Rgd8 {[%emt 0:02:26]} 34. Ke3 {[%emt 0:00:12]} Rd5 {[%emt 0:00:06]} 35. b4 {[%emt 0:01:14]} a5 {[%emt 0:09:12]} 36. a3 {[%emt 0:01:10]} Ra8 {[%emt 0:01:01]} 37. Rd3 {[%emt 0:02:01]} axb4 {[%emt 0:00:15]} 38. axb4 {[%emt 0:00:01]} Ra4 {[%emt 0:01:29]} 39. Rb1 {[%emt 0:02:59]} e5 {[%emt 0:01:52]} 40. Rbb3 {[%emt 0:02:59]} (40. dxe5 $15 Rxd3+ 41. Kxd3) 40... Ke6 $2 {[%emt 0:02:08]} (40... e4 $19 41. Rd2 Rd8) 41. Rd2 $2 {[%emt 0:02:28] [#]} (41. fxe5 $11 fxe5 42. dxe5) 41... Ra1 $2 {[%emt 0:00:35]} (41... e4 $1 $19 42. b5 Rd8) 42. dxe5 $1 {[%emt 0:03:50]} Rxd2 {[%emt 0:01:43]} 43. Kxd2 {[%emt 0:00:17]} fxe5 {[%emt 0:00:06]} 44. Rd3 {[%emt 0:02:12]} exf4 {[%emt 0:00:40]} 45. gxf4 {[%emt 0:01:17]} Rh1 {[%emt 0:00:30]} 46. Rd6+ {[%emt 0:00:59]} Ke7 {[%emt 0:00:03]} 47. Rh6 {[%emt 0:00:48]} Rxh4 {[%emt 0:00:04]} 48. Ke3 {[%emt 0:00:31]} Rh3+ {[%emt 0:00:38]} 49. Ke2 {[%emt 0:00:42]} h4 {[%emt 0:00:39]} 50. Rh7+ {[%emt 0:00:49]} Ke6 {[%emt 0:00:01]} 51. Rxb7 {[%emt 0:00:27]} Rb3 {[%emt 0:00:29]} 52. Rh7 $2 {[%emt 0:00:49]} (52. Kf2 $11 {and White is okay.}) 52... Kd5 {[%emt 0:00:25]} 53. Rxh4 $2 {[%emt 0:00:53]} (53. Rd7+ $11 Ke4 54. Re7+ Kxf4 55. Rh7) 53... Rxb4 {[%emt 0:00:02]} 54. Kf3 {[%emt 0:01:13]} Rb3+ {[%emt 0:00:17]} 55. Kf2 {[%emt 0:00:19] [#]} Rc3 $1 {[%emt 0:00:34]} ({Inferior is} 55... Kxc5 56. Rh5 $15) 56. Rh5 {[%emt 0:01:15]} Ke4 {[%emt 0:00:09]} 57. Rh4 {[%emt 0:04:54]} Rxc5 {[%emt 0:00:15]} 58. Rh8 {[%emt 0:00:28]} Kxf4 {[%emt 0:00:47]} 59. Rh4+ {[%emt 0:00:14]} Ke5 {[%emt 0:00:28]} 60. Kf3 {[%emt 0:00:09]} Rc3+ {[%emt 0:00:07]} 61. Kf2 {[%emt 0:00:11]} c5 {[%emt 0:00:26]} 62. Ke2 {[%emt 0:00:23]} Ra3 $2 {[%emt 0:07:33]} (62... f4 63. Kd2 Rb3 64. Rh5+ Kd4) 63. Rc4 {[%emt 0:00:51]} Ra5 {[%emt 0:00:07]} 64. Kf3 {[%emt 0:00:37]} Rb5 {[%emt 0:00:49]} 65. Ke3 {[%emt 0:01:28]} Ra5 $2 {[%emt 0:05:59]} (65... Rb3+ $19 66. Ke2 Rb5) 66. Kf3 {[%emt 0:00:09]} Ke6 {[%emt 0:01:54]} 67. Kg3 {[%emt 0:02:07]} Rb5 {[%emt 0:00:49]} 68. Kf3 {[%emt 0:00:33]} Kf6 {[%emt 0:00:20]} 69. Kf2 $2 {[%emt 0:00:29] [#]} (69. Ke2 $17) 69... Kg5 $2 {[%emt 0:00:11]} (69... Ke7 $1 $19 {[%cal Re7d6] and Black stays clearly on top.} 70. Ke3 Kd6) 70. Kg3 {[%emt 0:00:13]} Rb3+ {[%emt 0:00:39]} 71. Kg2 {[%emt 0:00:52]} f4 {[%emt 0:00:11]} 72. Rxc5+ {[%emt 0:00:12]} Kg4 {[%emt 0:00:03]} 73. Rc2 {[%emt 0:00:11]} Rg3+ {[%emt 0:00:40]} 74. Kh2 {[%emt 0:00:24]} Rh3+ {[%emt 0:00:22]} 75. Kg1 {[%emt 0:01:20]} Rh8 {[%emt 0:03:45]} 76. Rc3 {[%emt 0:02:18]} Ra8 {[%emt 0:02:01]} 77. Kg2 {[%emt 0:02:18]} Ra2+ {[%emt 0:00:23]} 78. Kg1 {[%emt 0:00:02]} f3 $11 {[%emt 0:01:29]} 79. Rc8 1/2-1/2

[Event "Karnataka State Open-ch 2018"]
[Site "Bengaluru"]
[Date "2018.04.17"]
[Round "8"]
[White "Kalki Eshwar D"]
[Black "Sridharan Ramanathan"]
[Result "1-0"]
[WhiteElo "1515"]
[BlackElo "1997"]
[Annotator "NA RC"]
[PlyCount "63"]
[EventDate "2018.??.??"]
[EventType "swiss"]
[EventCountry "IND"]
[SourceTitle "playchess.com"]
[Source "ChessBase"]
[SourceQuality "1"]
[TimeControl "5400+30"]

{[%evp 8,62,11,6,40,43,33,44,46,33,36,56,80,87,154,146,131,132,32767,32767,32767,160,32767,32767,198,158,334,350,32767,32767,470,475,493,528,534,370,470,517,800,32767,502,528,569,570,541,535,576,589,576,570,593,562,534,626,29998,29999,29999]} 1. e4 {[%emt 0:00:00]} c5 {[%emt 0:00:14]} 2. Nc3 {[%emt 0:00:00]} d6 {[%emt 0:00:15]} 3. f4 {[%emt 0:00:00]} Nc6 {[%emt 0:00:50]} 4. Bb5 {[%emt 0:00:00]} Bd7 {[%emt 0:00:21]} 5. Nf3 {[%emt 0:00:05] LiveBook: 73 Games B23: Closed Sicilian: Lines without g3} Nd4 {[%emt 0:08:22]} (5... e6 6. O-O Be7 7. d4 cxd4 8. Nxd4 Nf6 9. Bxc6 Bxc6 10. Qd3 O-O 11. Kh1 Rc8 12. Bd2 Qb6 13. a4 Rfd8 14. Be3 Qa5 {½-½ (34) Predke,A (2595)-Demchenko,A (2672) Batumi 2018}) 6. Bxd7+ {[%emt 0:01:52]} Qxd7 {[%emt 0:00:08]} 7. Nxd4 {[%emt 0:00:26]} cxd4 {[%emt 0:00:13]} 8. Ne2 $1 {[%emt 0:00:14]} e5 {[%emt 0:00:58]} 9. O-O {[%emt 0:00:56]} h5 $146 {[%emt 0:07:12]} ({Predecessor:} 9... Nf6 10. d3 Be7 11. Ng3 O-O-O 12. Nf5 {1-0 (53) Gerbelli Neto,E (2169)-Marques de Oliveira,E (2052) Sao Paulo 2006}) 10. d3 {[%emt 0:01:06]} f6 {[%emt 0:02:16]} (10... Nf6 $14) 11. c3 {[%emt 0:00:46]} dxc3 12. Nxc3 O-O-O {[%emt 0:14:53]} 13. Be3 {[%emt 0:01:10]} Kb8 {[%emt 0:03:35]} 14. Rc1 {[%emt 0:00:41]} exf4 {[%emt 0:01:20]} 15. Bxf4 {[%emt 0:00:52]} Ne7 {[%emt 0:03:48]} 16. Qb3 {[%emt 0:02:10]} g5 {[%emt 0:02:25]} (16... h4 $142 17. Be3 Rh5) 17. Be3 {[%emt 0:00:23]} Bg7 {[%emt 0:03:37]} 18. Nb5 {[%emt 0:02:10]} Nc6 {[%emt 0:01:37] [#]} 19. Rxc6 $1 {[%emt 0:03:55]} bxc6 {[%emt 0:08:09]} 20. Nxa7+ {[%emt 0:01:42]} ({Not} 20. Nxd6+ Ka8 $16) 20... Ka8 {[%emt 0:00:09]} 21. Qa3 {[%emt 0:01:33]} Kb7 {[%emt 0:06:56]} 22. Qb4+ {[%emt 0:05:42]} (22. Rc1 $142 c5 23. Rc3) 22... Ka8 {[%emt 0:00:19] [#]} 23. Nxc6 $1 {[%emt 0:09:56]} Qxc6 {[%emt 0:07:17]} 24. Qa5+ {[%emt 0:00:24]} Kb7 {[%emt 0:00:31]} 25. Qa7+ {[%emt 0:00:09]} Kc8 {[%emt 0:00:07]} 26. Rc1 {[%emt 0:00:16]} Qxc1+ {[%emt 0:00:22]} 27. Bxc1 {[%emt 0:00:04]} Rd7 {[%emt 0:00:26]} 28. Qa8+ {[%emt 0:00:52]} Kc7 {[%emt 0:00:07]} 29. Qa5+ {[%emt 0:00:11]} Kc8 {[%emt 0:01:25]} 30. Bd2 {[%emt 0:02:47]} Rhd8 {[%emt 0:00:46]} 31. Qa8+ {[%emt 0:00:13]} Kc7 {[%emt 0:00:13]} 32. Ba5# {[%emt 0:00:05] Re8 Bd2 Kc8 Qa5 Rg8 Qf5 Rc7 Ba5+ Kb7 Qd7} 1-0

[Event "Karnataka State Open-ch 2018"]
[Site "Bengaluru"]
[Date "2018.04.18"]
[Round "9"]
[White "Thejkumar, M. S."]
[Black "Isha, Sharma"]
[Result "1-0"]
[WhiteElo "2493"]
[BlackElo "1926"]
[Annotator "TA"]
[PlyCount "49"]
[EventDate "2018.??.??"]
[EventType "swiss"]
[EventCountry "IND"]
[SourceTitle "playchess.com"]
[Source "ChessBase"]
[SourceQuality "1"]

{[%evp 12,49,0,0,36,31,100,75,156,75,92,88,110,77,255,229,268,116,122,124,142,133,130,137,464,456,507,474,751,740,749,715,1006,975,962,723,702,668,29992,29993]} 1. d4 d6 2. c4 e5 3. Nf3 e4 4. Ng5 f5 5. Nc3 c6 6. g3 Be7 {A21: English Opening: 1...e5 2 Nc3} 7. h4 {LiveBook: 10 Games} (7. Nh3 Nf6 8. Bg5 O-O 9. Nf4 Na6 10. e3 Nc7 11. h4 Ne6 12. Nxe6 Bxe6 13. Be2 h6 14. Bxf6 Bxf6 15. h5 c5 16. dxc5 Bxc3+ 17. bxc3 dxc5 {½-½ (36) Wojtaszek,R (2749)-Agrest,E (2593) Tallinn 2016}) 7... h6 8. Nh3 g5 $146 (8... Nf6 $14) ({Predecessor:} 8... Be6 9. Nf4 Bf7 10. d5 Bf6 11. g4 Bxc3+ 12. bxc3 fxg4 13. Rb1 Qe7 14. c5 dxc5 {0-1 (31) Kosarev,D (2177)-Bachin,V (2500) St Petersburg 2005}) 9. Bg2 Rh7 (9... gxh4 $142 10. gxh4 Nf6) 10. Qb3 ({White should try} 10. hxg5 hxg5 11. f3) 10... Rg7 11. hxg5 hxg5 12. g4 Nh6 $2 (12... fxg4 $16 {was necessary.} 13. Ng1 Qb6) 13. gxf5 $18 Nxf5 {[#]} 14. Be3 ({Don't play} 14. Bxe4 $6 Nxd4 15. Qd1 Ne6 $16) (14. Nxg5 $1 $18 {[%mdl 512] and White stays clearly on top.} e3 (14... Bxg5 15. Rh8+) 15. f4 (15. Rh8+ Bf8 $17)) 14... Nxe3 15. fxe3 Qc7 16. Nf2 Be6 17. Rh8+ Bf8 $2 {[%mdl 8192] [#]} (17... Rg8 $16 {is a better chance.} 18. Rh6 Bf7) 18. Nfxe4 Na6 19. d5 Bf7 (19... O-O-O $142 20. dxe6 Rh7) 20. dxc6 bxc6 21. Qa4 Nb8 22. O-O-O Rg6 23. Nd5 Bxd5 24. cxd5 Kf7 25. Rf1+ {Precision: White = 51%, Black = 11%.} 1-0